Közös úton Pásztor Dianával

Bibliographic Details
Main Authors: Juhász, László (ain), Pásztor, Diana (Author, uin)
Format: Article
Language:Hungarian
PhysicalDescription:Fotogr.
Subjects:

MARC

LEADER 00000nab a2200000 a 4500
001 vtls000677839
003 SK-MaSNL
005 20260319075929.0
008 160322c1998 xo 0 hun
015 |a SNBRB1998/11-30269 
035 |a CLN000030008 
040 |a SNKBUCL  |b slo  |c SNKBUCL  |e AACR2 
041 0 |a hun 
044 |a xo  |c SK 
080 |a 7.096.071.2  |2 UDC-MRF-SK2 
080 |a 929 Pásztor, Diana  |2 UDC-MRF-SK2 
100 1 |a Juhász, László  |4 ain  |9 276111 
245 1 0 |a Közös úton Pásztor Dianával  |c Juhász László 
300 |b Fotogr. 
500 |a Pod spoločným názvom 70 éves a rádió magyar adása 
600 1 7 |a Pásztor, Diana  |2 snkbucl  |9 905959 
655 7 |a články z novín a časopisov  |2 snkbucl  |9 267496 
700 1 |a Pásztor, Diana  |4 aut  |4 uin  |9 905959 
773 0 |t Új szó  |g Roč. 51, č. 272 (24.11.1998), s. 9 
850 |a Slovenská národná knižnica v Martine 
852 |a SNK  |b KIS3GCP 
958 |a HU 
958 |a SK 
958 |a BX 
958 |a RBX 
999 |c 1435720  |d 1437650